Masyarakat Melayu Brunei di Borneo Utara (1881-1963) / (Record no. 203644)
[ view plain ]
| 000 -LEADER | |
|---|---|
| fixed length control field | 00944nam a2200265 i 4500 |
| 005 - DATE AND TIME OF LATEST TRANSACTION | |
| control field | 20260401130307.0 |
| 008 - FIXED-LENGTH DATA ELEMENTS--GENERAL INFORMATION | |
| fixed length control field | 260401t20252025my bo gr o001 0dmay d |
| 020 ## - INTERNATIONAL STANDARD BOOK NUMBER | |
| International Standard Book Number | 9789834951894 |
| Terms of availability | RM60.00 |
| Qualifying information | paperback |
| 040 ## - CATALOGING SOURCE | |
| Original cataloging agency | PPAK |
| Language of cataloging | eng |
| Transcribing agency | PPAK |
| Description conventions | rda |
| 082 04 - DEWEY DECIMAL CLASSIFICATION NUMBER | |
| Edition number | 23 |
| Classification number | 959.55 |
| 090 00 - LOCALLY ASSIGNED LC-TYPE CALL NUMBER (OCLC); LOCAL CALL NUMBER (RLIN) | |
| Classification number (OCLC) (R) ; Classification number, CALL (RLIN) (NR) | 959.55 |
| Feature heading | JUN |
| Feature heading | G |
| 100 0# - MAIN ENTRY--PERSONAL NAME | |
| Personal name | Junaidah Awang Jambol, |
| Titles and words associated with a name | Dg., |
| Relator term | author. |
| 245 10 - TITLE STATEMENT | |
| Title | Masyarakat Melayu Brunei di Borneo Utara (1881-1963) / |
| Statement of responsibility, etc. | DG. JUNAIDAH AWANG JAMBOL |
| 264 #1 - PRODUCTION, PUBLICATION, DISTRIBUTION, MANUFACTURE, AND COPYRIGHT NOTICE | |
| Place of production, publication, distribution, manufacture | Kuala Lumpur : |
| Name of producer, publisher, distributor, manufacturer | Dewan Bahasa dan Pustaka, |
| Date of production, publication, distribution, manufacture, or copyright notice | 2025 |
| Date of production, publication, distribution, manufacture, or copyright notice | ©2025 |
| 300 ## - PHYSICAL DESCRIPTION | |
| Extent | xii, 269 pages : |
| Other physical details | charts, photographs ; |
| Dimensions | 22 cm |
| 336 ## - CONTENT TYPE | |
| Content type term | text |
| Source | rdacontent |
| 337 ## - MEDIA TYPE | |
| Media type term | unmediated |
| Source | rdamedia |
| 338 ## - CARRIER TYPE | |
| Carrier type term | volume |
| Source | rdacarrier |
| 500 ## - GENERAL NOTE | |
| General note | Includes index and bibliographical references |
| 650 10 - SUBJECT ADDED ENTRY--TOPICAL TERM | |
| Topical term or geographic name entry element | Malays (Asian people) |
| General subdivision | Civilization |
| Geographic subdivision | Brunei |
| 651 #0 - SUBJECT ADDED ENTRY--GEOGRAPHIC NAME | |
| Geographic name | Brunei |
| General subdivision | Kings and rulers |
| Geographic name | Brunei |
| General subdivision | Social conditions |
| 942 ## - ADDED ENTRY ELEMENTS (KOHA) | |
| Source of classification or shelving scheme | Dewey Decimal Classification |
| Koha item type | Book |
| Withdrawn | Not for loan | Current library | Shelving location | Date acquired | Total Checkouts | Full call number | Barcode | Date last seen | Koha item type |
|---|---|---|---|---|---|---|---|---|---|
| Perpustakaan Alor Setar | Pinjaman Dewasa | 01/04/2026 | 959.55 JUN | A01911723 | 01/04/2026 | Book | |||
| Perpustakaan Awam Sungai Petani | Pinjaman Dewasa | 01/04/2026 | 959.55 JUN | A01911724 | 01/04/2026 | Book | |||
| Perpustakaan Baling | Pinjaman Dewasa | 01/04/2026 | 959.55 JUN | A01911728 | 01/04/2026 | Book | |||
| Perpustakaan Bandar Baharu | Pinjaman Dewasa | 01/04/2026 | 959.55 JUN | A01911729 | 01/04/2026 | Book | |||
| Perpustakaan Jitra | Pinjaman Dewasa | 01/04/2026 | 959.55 JUN | A01911725 | 01/04/2026 | Book | |||
| Perpustakaan Kulim | Pinjaman Dewasa | 01/04/2026 | 959.55 JUN | A01911727 | 01/04/2026 | Book | |||
| Perpustakaan Langkawi | Pinjaman Dewasa | 01/04/2026 | 959.55 JUN | A01911726 | 01/04/2026 | Book |